00335nam a2200109Ia 4500008004100000020001600041082001800057100001600075245008800091260003700179300000900216210430s9999 xx 000 0 und d a 0196360331 a297.6 G9431 L aA.Guillaume 4aThe Life of Muhammad: A translation of Ibn Ishaq's Sirat Rasul Allah /cA.Guillaume aNew yorkbBerne countrsityc1967 a813p